América Latina : historia de medio siglo /
Guardado en:
| Andre forfattere: | |
|---|---|
| Format: | Ukendt |
| Sprog: | Spanish |
| Udgivet: |
México :
Siglo Veintiuno Editores,
1982-
|
| Udgivelse: | 3. edición |
| Fag: | |
| Tags: |
Tilføj Tag
Ingen Tags, Vær først til at tagge denne postø!
|
MARC
| LEADER | 000000000a22000000004500 | ||
|---|---|---|---|
| 001 | 012686 | ||
| 020 | |a 968230279X | ||
| 041 | 0 | |a spa | |
| 082 | 0 | 4 | |a 980.03 |b A512a3 |
| 700 | 1 | |a Gonzaléz Casanova, Pablo, |e coordinador | |
| 245 | 0 | 0 | |a América Latina : |b historia de medio siglo / |c Pablo Gonzaléz Casanova, coordinador. |
| 250 | |a 3. edición | ||
| 260 | 1 | |a México : |b Siglo Veintiuno Editores, |c 1982- | |
| 300 | |a volúmenes ; |c 24 cm. | ||
| 500 | |a La Biblioteca contiene: 1. América del Sur | ||
| 505 | |a Contenido: América del sur | ||
| 650 | 4 | |a AMERICA LATINA | |
| 650 | 4 | |a SIGLO XX | |
| 650 | 4 | |a HISTORIA | |
| 500 | |a Colección George Yúdice | ||
| 999 | |c 18641 |d 18641 | ||
| 942 | |c BK |h 980.03 A512a3 |2 z | ||



